000 00623nam a2200205Ia 4500
005 20250508165457.0
008 008 250505s9999 xx 000 0 eng d
020 _a978-81-321-1605-9
037 _aTextual
040 _aFEDL
_beng
_cFEDL
041 _aeng
_2eng
084 _a323.454 16, SUB
_qFEDL
100 _aSubramanian K S Ed.
_9780956
245 0 _aSecurity, governance and democratic rights: Essays on the North- East
260 _aNew Delhi, India
_bNiyogi Books
_c2014
300 _a242p.
365 _aPrice varies
_b495
942 _cTEXL
_h323.454 16, SUB
999 _c1395333
_d1395333